| 000 | 00996nam a2200313 a 4500 | ||
|---|---|---|---|
| 001 | 3674 | ||
| 003 | FISKH | ||
| 005 | 20240408140932.0 | ||
| 008 | 830730s1983 fr a b 000 0 fre | ||
| 010 | _a 83179851 | ||
| 020 | _a2200311915 | ||
| 040 |
_aDLC _cDLC _dDLC _beng |
||
| 043 | _ae-fr--- | ||
| 050 | 0 | 0 |
_aJS4895 _b.D86 1983 |
| 082 | 0 | 0 |
_a350/.000944 _219 |
| 100 | 1 | _aDupuy, François. | |
| 245 | 1 | 0 |
_aSociologie de l'administration française / _cFrançois Dupuy et Jean-Claude Thoenig ; préface de Michel Crozier. |
| 260 |
_aParis : _bA. Colin, _cc1983. |
||
| 300 |
_a206 pages : _billustrations ; _c23 cm. |
||
| 440 | 0 |
_aCollection U. _pSérie Sociologie |
|
| 504 | _aBibliography: p. 201-204. | ||
| 650 | 0 |
_aBureaucracy _zFrance. |
|
| 650 | 0 |
_aAdministrative agencies _zFrance. |
|
| 650 | 0 |
_aLocal government _zFrance. |
|
| 650 | 0 |
_aRegionalism _zFrance. |
|
| 700 | 1 |
_aThoenig, Jean-Claude, _d1940- |
|
| 906 |
_a7 _bcbc _corignew _d3 _encip _f19 _gy-gencatlg |
||
| 942 |
_2ddc _cBK _n0 |
||
| 999 |
_c3674 _d3674 |
||